000 00775nam a22002531i 4500
005 20210907101452.0
008 210907s2021 -uk |||g ||| 000 1 eng d
020 _a9780241458365
_cRM 69.95
_qpaperback
040 _aPPAK
_beng
_cPPAK
_erda
082 0 4 _223
_a823.92
090 0 0 _a823.92
_bGLY
_dG
100 1 _aGlynn, Connie
_eauthor.
245 1 0 _aPRINCESS at Heart /
_cCONNIE GLYNN
264 1 _aLondon :
_bPenguin Books,
_c2021
300 _a320 pages ;
_c22 cm.
336 _2rdacontent
_atext
337 _2rdamedia
_aunmediated
338 _2rdacarrier
_avolume
490 1 _aThe Rosewood chronicles ;
_v 4
650 1 0 _aPrincesses
_vJuvenile fiction.
650 2 0 _aFriendship
_vJuvenile fiction.
830 0 _aThe Rosewood chronicles ;
_n 4
942 _2ddc
_cB
999 _c184839
_d184839